| 000 | 01088nam a22003377a 4500 | ||
|---|---|---|---|
| 001 | 000018888 | ||
| 003 | CHAP | ||
| 005 | 20220329134251.0 | ||
| 008 | 971013s1950 r 00010 d | ||
| 010 | _a17848 | ||
| 011 | _a18820 | ||
| 035 | _a22905 | ||
| 040 | _cCHAP | ||
| 090 | _aFolleto 1713 | ||
| 100 | 0 | 0 |
_aBlanco Macías, Gonzalo. _913085 |
| 245 | 1 | 0 | _aDramática agonía de los recursos renovables en el Valle de México... |
| 260 |
_aMéxico, D. F. : _b(s.e.), _c(1950). |
||
| 300 | _a(4 h.). | ||
| 500 | _aEncuadernado con : Blanco Macías, G. Las inundaciones de la ciudad de México | ||
| 590 |
_aBATCH-UPD _b10 _c20130110 _lUCH01 _h0214 |
||
| 590 |
_aBATCH-UPD _b10 _c20130110 _lUCH01 _h1407 |
||
| 590 |
_aBATCH-UPD _b10 _c20130409 _lUCH01 _h2231 |
||
| 590 |
_aBATCH-UPD _b10 _c20130914 _lUCH01 _h0642 |
||
| 590 |
_aCONVERSION _b10 _c20130109 _lUCH01 _h1311 |
||
| 590 |
_aE5995AHE _b05 _c20150113 _lUCH01 _h0931 |
||
| 650 | 1 | 4 |
_aRecursos naturales _xMéxico. _995299 |
| 901 | _aBK | ||
| 942 | _cFOLL | ||
| 942 | _n0 | ||
| 949 |
_aFolleto 1713 _bBC _cFOLL _d-53495 _eTS1 _i22905 _si |
||
| 999 |
_c17848 _d17848 |
||